[Event "Titled Tuesday intern op 29th Aug Early"]
[Site "Chess.com INT"]
[Date "2023.08.29"]
[Round "2"]
[White "Carrasco Miranda, Andres"]
[Black "Diaz Garcia, Lianet"]
[Result "0-1"]
[WhiteElo "2240"]
[BlackElo "1999"]
[PlyCount "84"]
[EventDate "2023.08.29"]
[EventType "swiss (blitz)"]
[EventRounds "11"]
[EventCountry "USA"]
[SourceTitle "EXT 2024"]
[Source "ChessBase"]
[SourceDate "2023.10.10"]
[SourceVersion "1"]
[SourceVersionDate "2023.10.10"]
[SourceQuality "1"]

1. d4 d5 2. c4 c6 3. Nf3 Nf6 4. e3 g6 5. Nc3 Bg7 6. Be2 0-0 7. 0-0 Bg4 8. Bd2 Bxf3 9. Bxf3 e6 10. Qe2 Nbd7 11. b4 Re8 12. Rfd1 dxc4 13. Qxc4 e5 14. Qb3 exd4 15. exd4 Nb6 16. Bg5 Qd7 17. Rac1 h6 18. Bh4 Nfd5 19. Ne4 g5 20. Bg3 Qe7 21. Nd6 Red8 22. Nf5 Qxb4 23. h4 Qxb3 24. axb3 Re8 25. Be5 Bf8 26. Bh5 Nd7 27. hxg5 hxg5 28. g3 Nxe5 29. dxe5 Rxe5 30. Nd4 Rae8 31. Nf3 Re2 32. Nxg5 Rb2 33. Bxf7+ Kg7 34. Bxd5 cxd5 35. Rc7+ Kg6 36. Nf3 Ree2 37. Nh4+ Kh6 38. Rxd5 Rxf2 39. Rf7 Rxf7 40. Rd8 b6 41. Ra8 Bc5+ 42. Kh1 Rf1# 0-1

[Event "Titled Tuesday intern op 08th Aug Late"]
[Site "Chess.com INT"]
[Date "2023.08.08"]
[Round "3"]
[White "Mazibuko, Khanya"]
[Black "Diaz Garcia, Lianet"]
[Result "1-0"]
[WhiteElo "1895"]
[BlackElo "1999"]
[PlyCount "41"]
[EventDate "2023.08.08"]
[EventType "swiss (blitz)"]
[EventRounds "11"]
[EventCountry "USA"]
[SourceTitle "EXT 2024"]
[Source "ChessBase"]
[SourceDate "2023.10.10"]
[SourceVersion "1"]
[SourceVersionDate "2023.10.10"]
[SourceQuality "1"]

1. e4 c5 2. Nf3 d6 3. Bb5+ Nd7 4. d4 cxd4 5. Qxd4 a6 6. Bxd7+ Bxd7 7. Nc3 Nf6 8. Bg5 h6 9. Bh4 g5 10. Bg3 Bg7 11. 0-0-0 Nh5 12. Qd3 Nxg3 13. hxg3 Rc8 14. e5 dxe5 15. Rhe1 Be6 16. Qe4 Qc7 17. Nxe5 Bxe5 18. Qxe5 Qxe5 19. Rxe5 Rd8 20. Rh1 Bg4 21. Rxg5 1-0

[Event "Titled Tuesday intern op 25th Jul Late"]
[Site "Chess.com INT"]
[Date "2023.07.25"]
[Round "2"]
[White "Diaz Garcia, Lianet"]
[Black "Silva Lucena, Cristian"]
[Result "0-1"]
[WhiteElo "1999"]
[BlackElo "2285"]
[PlyCount "58"]
[EventDate "2023.07.25"]
[EventType "swiss (blitz)"]
[EventRounds "11"]
[EventCountry "USA"]
[SourceTitle "EXT 2024"]
[Source "ChessBase"]
[SourceDate "2023.10.10"]
[SourceVersion "1"]
[SourceVersionDate "2023.10.10"]
[SourceQuality "1"]

1. e4 c5 2. Nf3 d6 3. g3 g6 4. Bg2 Bg7 5. 0-0 Nf6 6. d3 Nfd7 7. Qe2 0-0 8. c3 Nc6 9. h4 Rb8 10. Re1 b5 11. Be3 b4 12. d4 bxc3 13. bxc3 cxd4 14. cxd4 Qa5 15. Qd2 Qxd2 16. Nbxd2 Ba6 17. Rab1 Nb4 18. a3 Nc2 19. Rec1 Rxb1 20. Rxb1 Nb6 21. Rb2 Rc8 22. Bh3 Rc7 23. e5 Nxe3 24. fxe3 dxe5 25. Nxe5 Bxe5 26. dxe5 Nd5 27. e4 Nc3 28. Rb8+ Kg7 29. e6 f6 0-1

[Event "Titled Tuesday intern op 11th Jul Early"]
[Site "Chess.com INT"]
[Date "2023.07.11"]
[Round "3"]
[White "Buscar, Michael"]
[Black "Diaz Garcia, Lianet"]
[Result "1-0"]
[WhiteElo "2041"]
[BlackElo "1999"]
[PlyCount "81"]
[EventDate "2023.07.11"]
[EventType "swiss (blitz)"]
[EventRounds "11"]
[EventCountry "USA"]
[SourceTitle "EXT 2024"]
[Source "ChessBase"]
[SourceDate "2023.10.10"]
[SourceVersion "1"]
[SourceVersionDate "2023.10.10"]
[SourceQuality "1"]

1. Nf3 c5 2. b4 cxb4 3. a3 b3 4. cxb3 Nf6 5. Bb2 g6 6. Bxf6 exf6 7. d4 Bg7 8. e3 0-0 9. Be2 d5 10. 0-0 Nc6 11. Nc3 Be6 12. Rc1 f5 13. Bb5 a6 14. Bxc6 bxc6 15. Na4 Qd6 16. Nc5 f4 17. Qd3 Bf5 18. Qe2 a5 19. Nh4 Be4 20. f3 Qe7 21. fxe4 Qxh4 22. Rxf4 Qe7 23. e5 f6 24. e6 f5 25. Rcf1 Rfe8 26. g4 Bh6 27. R4f2 Qg5 28. e4 dxe4 29. Rg2 Qe3+ 30. Qf2 Qxf2+ 31. Kxf2 Rad8 32. gxf5 Rxd4 33. f6 Rd2+ 34. Kg3 Rxg2+ 35. Kxg2 Rd8 36. e7 Rd2+ 37. Rf2 Rxf2+ 38. Kxf2 Kf7 39. Nxe4 Bc1 40. Nd6+ Kxf6 41. e8Q 1-0

[Event "Titled Tuesday intern op 11th Jul Late"]
[Site "Chess.com INT"]
[Date "2023.07.11"]
[Round "4"]
[White "Diaz Garcia, Lianet"]
[Black "Rees, Ioan"]
[Result "0-1"]
[WhiteElo "1999"]
[BlackElo "2293"]
[PlyCount "92"]
[EventDate "2023.07.11"]
[EventType "swiss (blitz)"]
[EventRounds "11"]
[EventCountry "USA"]
[SourceTitle "EXT 2024"]
[Source "ChessBase"]
[SourceDate "2023.10.10"]
[SourceVersion "1"]
[SourceVersionDate "2023.10.10"]
[SourceQuality "1"]

1. e4 e5 2. Nf3 Nc6 3. Bb5 Nf6 4. 0-0 Nxe4 5. Re1 Nd6 6. Bxc6 dxc6 7. Nxe5 Be7 8. d4 0-0 9. c3 Nf5 10. Nd2 c5 11. Ndf3 cxd4 12. cxd4 Be6 13. Be3 h6 14. Qc2 c6 15. h3 Qd5 16. b3 Rfd8 17. Rac1 a5 18. Red1 a4 19. Nc4 Qb5 20. bxa4 Qxa4 21. Nb6 Qxc2 22. Rxc2 Ra6 23. Nc4 Nxe3 24. fxe3 Rda8 25. Rb1 Bf5 26. Rxb7 Bxc2 27. Rxe7 Rxa2 28. Nce5 R2a7 29. Nxc6 Rxe7 30. Nxe7+ Kf8 31. Nd5 Be4 32. Nf4 Ra2 33. h4 Ke7 34. d5 Kd6 35. Ne1 Bxd5 36. Nxd5 Kxd5 37. Nf3 Ke4 38. Kh2 Kxe3 39. Kg3 Ra6 40. Nh2 Rg6+ 41. Kh3 h5 42. Nf3 Ra6 43. Nh2 Kf2 44. Nf3 Ra3 45. Kh2 Rxf3 46. gxf3 Kxf3 0-1

[Event "Titled Tuesday intern op 11th Jul Early"]
[Site "Chess.com INT"]
[Date "2023.07.11"]
[Round "4"]
[White "Diaz Garcia, Lianet"]
[Black "Vaglio Munoz, Jaime"]
[Result "0-1"]
[WhiteElo "1999"]
[BlackElo "2174"]
[PlyCount "108"]
[EventDate "2023.07.11"]
[EventType "swiss (blitz)"]
[EventRounds "11"]
[EventCountry "USA"]
[SourceTitle "EXT 2024"]
[Source "ChessBase"]
[SourceDate "2023.10.10"]
[SourceVersion "1"]
[SourceVersionDate "2023.10.10"]
[SourceQuality "1"]

1. e4 c5 2. Nf3 Qa5 3. Nc3 a6 4. d4 b5 5. Be3 b4 6. Nd5 e6 7. Nf4 cxd4 8. Bxd4 Bb7 9. Bd3 Nc6 10. Be3 Nf6 11. 0-0 Rd8 12. Nd2 Ne5 13. Ne2 d5 14. exd5 Nxd3 15. cxd3 Rxd5 16. d4 Qd8 17. Rc1 Be7 18. Nf4 Rd7 19. Nc4 0-0 20. Ne5 Rd6 21. Qb3 Nd5 22. Nxd5 Rxd5 23. a3 a5 24. axb4 axb4 25. Ra1 Qb6 26. Rfc1 h6 27. Ra4 Rfd8 28. Rca1 Bf8 29. h3 Qb5 30. Nd3 Rf5 31. Nxb4 Qe2 32. Qd3 Qxd3 33. Nxd3 Be4 34. Nc5 Bd5 35. b4 g5 36. Ra5 Rb8 37. b5 h5 38. Nd7 Rb7 39. Nxf8 Kxf8 40. Ra7 Rxb5 41. Rc7 g4 42. Raa7 Kg7 43. hxg4 hxg4 44. g3 Rb1+ 45. Rc1 Rb2 46. Rac7 Rf3 47. R7c2 Rb8 48. Kf1 Rh8 49. Ke2 Rh2 50. Kd3 Rf5 51. Rc7 Bf3 52. Ra1 Rhh5 53. Rc5 Rd5 54. Rxd5 Bxd5 0-1

[Event "Titled Tuesday intern op 11th Jul Late"]
[Site "Chess.com INT"]
[Date "2023.07.11"]
[Round "8"]
[White "Oliveira, Tiago Batista"]
[Black "Diaz Garcia, Lianet"]
[Result "1/2-1/2"]
[WhiteElo "1971"]
[BlackElo "1999"]
[PlyCount "155"]
[EventDate "2023.07.11"]
[EventType "swiss (blitz)"]
[EventRounds "11"]
[EventCountry "USA"]
[SourceTitle "EXT 2024"]
[Source "ChessBase"]
[SourceDate "2023.10.10"]
[SourceVersion "1"]
[SourceVersionDate "2023.10.10"]
[SourceQuality "1"]

1. d4 d5 2. c4 c6 3. Nf3 Nf6 4. Qc2 g6 5. Nc3 Bg7 6. e3 0-0 7. Bd2 Bg4 8. Ne5 Nbd7 9. Nxg4 Nxg4 10. Bd3 e6 11. h3 Ngf6 12. b4 a6 13. 0-0 b5 14. cxb5 cxb5 15. Rac1 Nb6 16. a4 bxa4 17. Nxa4 Nxa4 18. Qxa4 Qb6 19. Rc6 Qb7 20. Rfc1 Ne4 21. Be1 Rfb8 22. Bxa6 Qe7 23. Rc8+ Bf8 24. Rxb8 Rxb8 25. b5 Nd6 26. Bb4 Qa7 27. Bc5 Qd7 28. Qb4 Ne4 29. Bxf8 Rxf8 30. b6 Rb8 31. b7 Nd6 32. Qc5 Nxb7 33. Qa7 Qd6 34. Bxb7 Qe7 35. Rb1 Rd8 36. Qa6 Rd7 37. Qa8+ Kg7 38. Qc8 Rc7 39. Qb8 Rc2 40. Ba6 Qf6 41. Rf1 h5 42. Qe5 Qxe5 43. dxe5 Kf8 44. Bd3 Rd2 45. Bc2 Rxc2 46. Rb1 Rc3 47. Rb7 Kg7 48. Rb8 Rc1+ 49. Kh2 Rc4 50. f4 Re4 51. Rb3 d4 52. exd4 Rxf4 53. Rd3 Re4 54. Kg3 g5 55. Kf3 Re1 56. g4 h4 57. Kg2 Re2+ 58. Kf3 Rh2 59. Ke4 Kg6 60. d5 exd5+ 61. Kxd5 Re2 62. Kd6 Rg2 63. Rf3 Rg3 64. Rf6+ Kg7 65. Ke7 Rxh3 66. Rxf7+ Kg6 67. Rf6+ Kg7 68. Rf5 Kg6 69. e6 Re3 70. Rf6+ Kg7 71. Rf7+ Kg6 72. Rf5 h3 73. Rf6+ Kg7 74. Rf7+ Kg6 75. Rf6+ Kg7 76. Rf7+ Kg8 77. Rf8+ Kg7 78. Rf7+ 1/2-1/2

[Event "Titled Tuesday intern op 11th Jul Late"]
[Site "Chess.com INT"]
[Date "2023.07.11"]
[Round "7"]
[White "Quirke, Jeffrey"]
[Black "Diaz Garcia, Lianet"]
[Result "1-0"]
[WhiteElo "1998"]
[BlackElo "1999"]
[PlyCount "43"]
[EventDate "2023.07.11"]
[EventType "swiss (blitz)"]
[EventRounds "11"]
[EventCountry "USA"]
[SourceTitle "EXT 2024"]
[Source "ChessBase"]
[SourceDate "2023.10.10"]
[SourceVersion "1"]
[SourceVersionDate "2023.10.10"]
[SourceQuality "1"]

1. c4 c6 2. g3 d5 3. Bg2 Nf6 4. Nf3 g6 5. 0-0 Bg7 6. d3 0-0 7. Nc3 Bg4 8. Qb3 Bxf3 9. Bxf3 dxc4 10. dxc4 Qb6 11. Be3 Qxb3 12. axb3 a6 13. Na4 Nbd7 14. Rfd1 Rad8 15. Nb6 Ne5 16. Bg2 Rfe8 17. Na4 Rd7 18. Rxd7 Nfxd7 19. Rd1 Nf6 20. h3 e6 21. Nc5 Rb8 22. f4 1-0

[Event "Titled Tuesday intern op 27th Jun Late"]
[Site "Chess.com INT"]
[Date "2023.06.27"]
[Round "1"]
[White "Golubev, Mikhail"]
[Black "Diaz Garcia, Lianet"]
[Result "1-0"]
[WhiteElo "2461"]
[BlackElo "1999"]
[PlyCount "85"]
[EventDate "2023.06.27"]
[EventType "swiss (blitz)"]
[EventRounds "11"]
[EventCountry "USA"]
[SourceTitle "EXT 2024"]
[Source "ChessBase"]
[SourceDate "2023.10.10"]
[SourceVersion "1"]
[SourceVersionDate "2023.10.10"]
[SourceQuality "1"]

1. e4 c5 2. Nf3 d6 3. d4 cxd4 4. Nxd4 Nf6 5. Nc3 g6 6. Be3 Bg7 7. f3 0-0 8. Qd2 Nc6 9. Bc4 Bd7 10. h4 Qa5 11. Bb3 Rfc8 12. 0-0-0 Ne5 13. g4 b5 14. h5 Nc4 15. Bxc4 bxc4 16. Bh6 Bh8 17. Nf5 Bxf5 18. gxf5 Rab8 19. Rdg1 Qb4 20. hxg6 Qxb2+ 21. Kd1 fxg6 22. fxg6 hxg6 23. Qg5 Kf7 24. Qxg6+ Ke6 25. Qf5+ Kf7 26. Bc1 Qxc3 27. Rh7+ Ke8 28. Rxh8+ Kf7 29. Rh7+ Ke8 30. Rh8+ Kf7 31. Rxc8 Qd4+ 32. Ke2 Rxc8 33. Qxc8 Qxg1 34. Qxc4+ Kg7 35. Be3 Qg2+ 36. Bf2 Nh5 37. Qc3+ Kf7 38. Qe3 Ng3+ 39. Kd3 Qf1+ 40. Kc3 Ne2+ 41. Kb2 Qc1+ 42. Qxc1 Nxc1 43. Kxc1 1-0

[Event "Titled Tuesday intern op 13th Jun Early"]
[Site "Chess.com INT"]
[Date "2023.06.13"]
[Round "8"]
[White "Diaz Garcia, Lianet"]
[Black "Rosenberg, Evan"]
[Result "1/2-1/2"]
[WhiteElo "1999"]
[BlackElo "1970"]
[PlyCount "81"]
[EventDate "2023.06.13"]
[EventType "swiss (blitz)"]
[EventRounds "11"]
[EventCountry "USA"]
[SourceTitle "EXT 2024"]
[Source "ChessBase"]
[SourceDate "2023.10.10"]
[SourceVersion "1"]
[SourceVersionDate "2023.10.10"]
[SourceQuality "1"]

1. e4 c5 2. Nf3 g6 3. d4 cxd4 4. Nxd4 Nf6 5. Nc3 Nc6 6. Be3 Bg7 7. Bc4 Qa5 8. 0-0 0-0 9. Bb3 d6 10. h3 Bd7 11. Qd2 Rfe8 12. Rad1 Rac8 13. Rfe1 a6 14. f4 Nxd4 15. Bxd4 b5 16. Bxf6 Bxf6 17. Nd5 Qxd2 18. Nxf6+ exf6 19. Rxd2 Rc6 20. Kf2 a5 21. c3 a4 22. Bc2 a3 23. bxa3 Rxc3 24. Bb3 Be6 25. Re3 Rxe3 26. Kxe3 f5 27. Rxd6 Bxb3 28. axb3 Rxe4+ 29. Kf3 Re1 30. Rd5 Ra1 31. Rxb5 Rxa3 32. Rb7 Kg7 33. g4 fxg4+ 34. hxg4 h6 35. Ke4 Ra1 36. b4 Rg1 37. Kf3 Rf1+ 38. Kg3 Rg1+ 39. Kf3 Rf1+ 40. Kg3 Rg1+ 41. Kf3 1/2-1/2

[Event "Titled Tuesday intern op 13th Jun Early"]
[Site "Chess.com INT"]
[Date "2023.06.13"]
[Round "9"]
[White "Gulkov, Igor A"]
[Black "Diaz Garcia, Lianet"]
[Result "1-0"]
[WhiteElo "2358"]
[BlackElo "1999"]
[PlyCount "153"]
[EventDate "2023.06.13"]
[EventType "swiss (blitz)"]
[EventRounds "11"]
[EventCountry "USA"]
[SourceTitle "EXT 2024"]
[Source "ChessBase"]
[SourceDate "2023.10.10"]
[SourceVersion "1"]
[SourceVersionDate "2023.10.10"]
[SourceQuality "1"]

1. Nf3 c5 2. c4 g6 3. d4 cxd4 4. Nxd4 Bg7 5. e4 Nf6 6. Nc3 Nc6 7. Be3 0-0 8. Be2 d6 9. 0-0 Bd7 10. Qd2 Nxd4 11. Bxd4 Bc6 12. f3 a5 13. b3 Nd7 14. Be3 Nc5 15. Rac1 Be5 16. Nd5 e6 17. Nf4 Qf6 18. g3 Rfd8 19. Rfd1 Rd7 20. Ng2 Qe7 21. Bg5 f6 22. Be3 f5 23. exf5 exf5 24. Re1 Re8 25. Bf2 Qg7 26. Nf4 Rde7 27. Nd5 Bxd5 28. Qxd5+ Qf7 29. Qxf7+ Kxf7 30. Bf1 Bb2 31. Rxe7+ Rxe7 32. Rd1 Ke6 33. Kg2 Na6 34. Rd2 Bf6 35. Bd3 Nb4 36. Re2+ Kd7 37. Rxe7+ Kxe7 38. Bb1 d5 39. cxd5 Nxd5 40. Bd3 Nc3 41. a4 Nd5 42. Bc5+ Kd7 43. Bc4 Kc6 44. Bf2 Ne7 45. Kf1 Bc3 46. Ke2 Bb4 47. Kd3 Bc5 48. Be1 b6 49. g4 fxg4 50. fxg4 Kd6 51. Bg3+ Kc6 52. Ke4 Nc8 53. Bb5+ Kb7 54. Kd5 Na7 55. Bd3 Nc6 56. Bb5 Nd4 57. Bc4 Nf3 58. Ke6 Nd4+ 59. Kf7 Kc6 60. Kg7 h5 61. gxh5 gxh5 62. Kg6 h4 63. Bxh4 Bd6 64. Bf2 Nxb3 65. Bxb3 Bxh2 66. Bc4 Bd6 67. Bb5+ Kd5 68. Kf5 Bc5 69. Bg3 Bd6 70. Bxd6 Kxd6 71. Ke4 Kc5 72. Ke5 Kb4 73. Kd6 Kc3 74. Kc6 Kb3 75. Kxb6 Ka3 76. Kxa5 Ka2 77. Kb6 1-0

[Event "Titled Tuesday intern op 06th Jun Early"]
[Site "Chess.com INT"]
[Date "2023.06.06"]
[Round "11"]
[White "Diaz Garcia, Lianet"]
[Black "Ciuffoletti, Paolo"]
[Result "0-1"]
[WhiteElo "1999"]
[BlackElo "2106"]
[PlyCount "64"]
[EventDate "2023.06.06"]
[EventType "swiss (blitz)"]
[EventRounds "11"]
[EventCountry "USA"]
[SourceTitle "EXT 2024"]
[Source "ChessBase"]
[SourceDate "2023.10.10"]
[SourceVersion "1"]
[SourceVersionDate "2023.10.10"]
[SourceQuality "1"]

1. e4 c5 2. Nf3 Nc6 3. d4 cxd4 4. Nxd4 Nf6 5. Nc3 e5 6. Ndb5 d6 7. Bg5 a6 8. Na3 b5 9. Nd5 Be7 10. Bxf6 Bxf6 11. c4 b4 12. Nc2 a5 13. Be2 0-0 14. 0-0 Bg5 15. Qd3 Be6 16. Rfd1 Rb8 17. b3 Qd7 18. a3 Rfd8 19. axb4 axb4 20. Ra4 Bxd5 21. exd5 Ne7 22. Rda1 f5 23. Ra7 Rb7 24. Rxb7 Qxb7 25. Ra4 e4 26. Qd4 Bf6 27. Qa7 Qxa7 28. Rxa7 Rb8 29. g3 Kf8 30. h4 Bc3 31. Ne3 Bd4 32. Ng2 Bxa7 0-1

[Event "Titled Tuesday intern op 06th Jun Early"]
[Site "Chess.com INT"]
[Date "2023.06.06"]
[Round "8"]
[White "Diaz Garcia, Lianet"]
[Black "Glashausser, Sho"]
[Result "1-0"]
[WhiteElo "1999"]
[BlackElo "1953"]
[PlyCount "53"]
[EventDate "2023.06.06"]
[EventType "swiss (blitz)"]
[EventRounds "11"]
[EventCountry "USA"]
[SourceTitle "EXT 2024"]
[Source "ChessBase"]
[SourceDate "2023.10.10"]
[SourceVersion "1"]
[SourceVersionDate "2023.10.10"]
[SourceQuality "1"]

1. e4 c6 2. Nf3 d5 3. exd5 cxd5 4. Ne5 a6 5. d4 Nc6 6. c3 Nxe5 7. dxe5 e6 8. Bd3 Ne7 9. 0-0 Bd7 10. Qe2 Nc6 11. Nd2 Bc5 12. Nf3 0-0 13. Bxh7+ Kxh7 14. Ng5+ Kg6 15. Qd3+ f5 16. exf6+ Kxf6 17. Nh7+ Kf7 18. Ng5+ Ke7 19. Nh7 Rf5 20. Bg5+ Rxg5 21. Nxg5 Ne5 22. Qg3 Bd6 23. Rae1 Qc7 24. f4 Nf7 25. Qh4 Rh8 26. Nh7+ Ke8 27. f5 1-0

[Event "Titled Tuesday intern op 06th Jun Early"]
[Site "Chess.com INT"]
[Date "2023.06.06"]
[Round "6"]
[White "Diaz Garcia, Lianet"]
[Black "Mishra, Manoj"]
[Result "1-0"]
[WhiteElo "1999"]
[BlackElo "1902"]
[PlyCount "61"]
[EventDate "2023.06.06"]
[EventType "swiss (blitz)"]
[EventRounds "11"]
[EventCountry "USA"]
[SourceTitle "EXT 2024"]
[Source "ChessBase"]
[SourceDate "2023.10.10"]
[SourceVersion "1"]
[SourceVersionDate "2023.10.10"]
[SourceQuality "1"]

1. e4 c5 2. Nf3 Nc6 3. d4 cxd4 4. Nxd4 Nf6 5. Nc3 e5 6. Ndb5 d6 7. Bg5 a6 8. Na3 Be6 9. Nc4 b5 10. Ne3 h6 11. Bxf6 Qxf6 12. Ncd5 Qd8 13. Be2 Be7 14. 0-0 h5 15. f4 exf4 16. Nxf4 Qb6 17. Qd2 Ne5 18. Kh1 Bg5 19. Ned5 Bxd5 20. Qxd5 Rd8 21. Nxh5 g6 22. Nf6+ Bxf6 23. Rxf6 Ke7 24. Raf1 Rxh2+ 25. Kxh2 Rh8+ 26. Kg3 Qe3+ 27. R6f3 Nxf3 28. Rxf3 Qxe2 29. Rxf7+ Kd8 30. Qxd6+ Kc8 31. Qc7# 1-0